<?xml version="1.0" encoding="UTF-8"?>
<record
    xmlns:xsi="http://www.w3.org/2001/XMLSchema-instance"
    xsi:schemaLocation="http://www.loc.gov/MARC21/slim http://www.loc.gov/standards/marcxml/schema/MARC21slim.xsd"
    xmlns="http://www.loc.gov/MARC21/slim">

  <leader>00603nam a22001937a 4500</leader>
  <controlfield tag="005">20140425122035.0</controlfield>
  <datafield tag="010" ind1=" " ind2=" ">
    <subfield code="a">B-529248-255</subfield>
  </datafield>
  <datafield tag="020" ind1=" " ind2=" ">
    <subfield code="a">9780143420347</subfield>
    <subfield code="c">599.00</subfield>
  </datafield>
  <datafield tag="035" ind1=" " ind2=" ">
    <subfield code="a">B-529248-255</subfield>
  </datafield>
  <datafield tag="037" ind1=" " ind2=" ">
    <subfield code="a">dpl</subfield>
    <subfield code="b">UBH/Ven</subfield>
  </datafield>
  <datafield tag="082" ind1=" " ind2=" ">
    <subfield code="a">S</subfield>
  </datafield>
  <datafield tag="100" ind1=" " ind2=" ">
    <subfield code="a">Ray, Satyajit</subfield>
  </datafield>
  <datafield tag="245" ind1=" " ind2=" ">
    <subfield code="a">Classic Feluda 1/</subfield>
    <subfield code="c">by Satyajit Ray</subfield>
  </datafield>
  <datafield tag="260" ind1=" " ind2=" ">
    <subfield code="a">New Delhi</subfield>
    <subfield code="b">Penguin Books</subfield>
    <subfield code="c">2013</subfield>
  </datafield>
  <datafield tag="270" ind1=" " ind2=" ">
    <subfield code="a">11, Community Centre, Panchsheel Park,</subfield>
    <subfield code="b">New Delhi</subfield>
    <subfield code="e">110017</subfield>
  </datafield>
  <datafield tag="300" ind1=" " ind2=" ">
    <subfield code="a">v.1 (785p.)</subfield>
    <subfield code="c">21cm(pbk)</subfield>
  </datafield>
  <datafield tag="942" ind1=" " ind2=" ">
    <subfield code="2">ddc</subfield>
    <subfield code="c">EN</subfield>
    <subfield code="h">S</subfield>
    <subfield code="m">RAY</subfield>
  </datafield>
  <datafield tag="999" ind1=" " ind2=" ">
    <subfield code="c">83790</subfield>
    <subfield code="d">83790</subfield>
  </datafield>
  <datafield tag="952" ind1=" " ind2=" ">
    <subfield code="0">0</subfield>
    <subfield code="1">0</subfield>
    <subfield code="3">V.I</subfield>
    <subfield code="4">0</subfield>
    <subfield code="7">0</subfield>
    <subfield code="8">FIC</subfield>
    <subfield code="a">L</subfield>
    <subfield code="b">L</subfield>
    <subfield code="d">2014-04-25</subfield>
    <subfield code="e">UBH/173/07.11.2013/38/10.10.2013/02.12.2013</subfield>
    <subfield code="g">599.00</subfield>
    <subfield code="l">0</subfield>
    <subfield code="o">S RAY</subfield>
    <subfield code="p">B-529248</subfield>
    <subfield code="r">2014-04-25 00:00:00</subfield>
    <subfield code="t">1</subfield>
    <subfield code="v">599.00</subfield>
    <subfield code="w">2014-04-25</subfield>
    <subfield code="y">EN</subfield>
  </datafield>
  <datafield tag="952" ind1=" " ind2=" ">
    <subfield code="0">0</subfield>
    <subfield code="1">0</subfield>
    <subfield code="3">V.I</subfield>
    <subfield code="4">0</subfield>
    <subfield code="7">0</subfield>
    <subfield code="8">FIC</subfield>
    <subfield code="a">BL1</subfield>
    <subfield code="b">BL1</subfield>
    <subfield code="d">2014-04-25</subfield>
    <subfield code="e">UBH/173/07.11.2013/38/10.10.2013/02.12.2013</subfield>
    <subfield code="g">599.00</subfield>
    <subfield code="l">2</subfield>
    <subfield code="m">3</subfield>
    <subfield code="o">S RAY</subfield>
    <subfield code="p">B-529249</subfield>
    <subfield code="r">2024-04-04 00:00:00</subfield>
    <subfield code="s">2024-02-23</subfield>
    <subfield code="t">1</subfield>
    <subfield code="v">599.00</subfield>
    <subfield code="y">EN</subfield>
  </datafield>
  <datafield tag="952" ind1=" " ind2=" ">
    <subfield code="0">0</subfield>
    <subfield code="1">0</subfield>
    <subfield code="3">V.I</subfield>
    <subfield code="4">0</subfield>
    <subfield code="7">0</subfield>
    <subfield code="8">FIC</subfield>
    <subfield code="a">KGM</subfield>
    <subfield code="b">KGM</subfield>
    <subfield code="d">2014-04-25</subfield>
    <subfield code="e">UBH/173/07.11.2013/38/10.10.2013/02.12.2013</subfield>
    <subfield code="g">599.00</subfield>
    <subfield code="l">1</subfield>
    <subfield code="m">2</subfield>
    <subfield code="o">S RAY</subfield>
    <subfield code="p">B-529250</subfield>
    <subfield code="r">2019-09-28 00:00:00</subfield>
    <subfield code="s">2019-08-31</subfield>
    <subfield code="t">1</subfield>
    <subfield code="v">599.00</subfield>
    <subfield code="y">EN</subfield>
  </datafield>
  <datafield tag="952" ind1=" " ind2=" ">
    <subfield code="0">0</subfield>
    <subfield code="1">0</subfield>
    <subfield code="3">V.I</subfield>
    <subfield code="4">0</subfield>
    <subfield code="7">0</subfield>
    <subfield code="8">FIC</subfield>
    <subfield code="a">PR</subfield>
    <subfield code="b">PR</subfield>
    <subfield code="d">2014-04-25</subfield>
    <subfield code="e">UBH/173/07.11.2013/38/10.10.2013/02.12.2013</subfield>
    <subfield code="g">599.00</subfield>
    <subfield code="l">0</subfield>
    <subfield code="o">S RAY</subfield>
    <subfield code="p">B-529251</subfield>
    <subfield code="r">2014-04-25 00:00:00</subfield>
    <subfield code="t">1</subfield>
    <subfield code="v">599.00</subfield>
    <subfield code="y">EN</subfield>
  </datafield>
  <datafield tag="952" ind1=" " ind2=" ">
    <subfield code="0">0</subfield>
    <subfield code="1">0</subfield>
    <subfield code="3">V.I</subfield>
    <subfield code="4">0</subfield>
    <subfield code="7">0</subfield>
    <subfield code="8">FIC</subfield>
    <subfield code="a">TN</subfield>
    <subfield code="b">TN</subfield>
    <subfield code="d">2014-04-25</subfield>
    <subfield code="e">UBH/173/07.11.2013/38/10.10.2013/02.12.2013</subfield>
    <subfield code="g">599.00</subfield>
    <subfield code="l">1</subfield>
    <subfield code="o">S RAY</subfield>
    <subfield code="p">B-529252</subfield>
    <subfield code="r">2020-09-28 00:00:00</subfield>
    <subfield code="s">2020-09-23</subfield>
    <subfield code="t">1</subfield>
    <subfield code="v">599.00</subfield>
    <subfield code="y">EN</subfield>
  </datafield>
  <datafield tag="952" ind1=" " ind2=" ">
    <subfield code="0">0</subfield>
    <subfield code="1">0</subfield>
    <subfield code="3">V.I</subfield>
    <subfield code="4">0</subfield>
    <subfield code="7">0</subfield>
    <subfield code="8">FIC</subfield>
    <subfield code="a">CJ</subfield>
    <subfield code="b">CJ</subfield>
    <subfield code="d">2014-04-25</subfield>
    <subfield code="e">UBH/173/07.11.2013/38/10.10.2013/02.12.2013</subfield>
    <subfield code="g">599.00</subfield>
    <subfield code="l">1</subfield>
    <subfield code="o">S RAY</subfield>
    <subfield code="p">B-529253</subfield>
    <subfield code="r">2019-07-27 00:00:00</subfield>
    <subfield code="s">2019-07-13</subfield>
    <subfield code="t">1</subfield>
    <subfield code="v">599.00</subfield>
    <subfield code="y">EN</subfield>
  </datafield>
  <datafield tag="952" ind1=" " ind2=" ">
    <subfield code="0">0</subfield>
    <subfield code="1">0</subfield>
    <subfield code="3">V.I</subfield>
    <subfield code="4">0</subfield>
    <subfield code="7">0</subfield>
    <subfield code="8">FIC</subfield>
    <subfield code="a">JP</subfield>
    <subfield code="b">JP</subfield>
    <subfield code="d">2014-04-25</subfield>
    <subfield code="e">UBH/173/07.11.2013/38/10.10.2013/02.12.2013</subfield>
    <subfield code="g">599.00</subfield>
    <subfield code="l">10</subfield>
    <subfield code="m">3</subfield>
    <subfield code="o">S RAY</subfield>
    <subfield code="p">B-529254</subfield>
    <subfield code="r">2026-02-18 00:00:00</subfield>
    <subfield code="s">2026-02-03</subfield>
    <subfield code="t">1</subfield>
    <subfield code="v">599.00</subfield>
    <subfield code="y">EN</subfield>
  </datafield>
  <datafield tag="952" ind1=" " ind2=" ">
    <subfield code="0">0</subfield>
    <subfield code="1">0</subfield>
    <subfield code="3">V.I</subfield>
    <subfield code="4">0</subfield>
    <subfield code="7">0</subfield>
    <subfield code="8">FIC</subfield>
    <subfield code="a">BL4</subfield>
    <subfield code="b">BL4</subfield>
    <subfield code="d">2014-04-25</subfield>
    <subfield code="e">UBH/173/07.11.2013/38/10.10.2013/02.12.2013</subfield>
    <subfield code="g">599.00</subfield>
    <subfield code="l">6</subfield>
    <subfield code="m">2</subfield>
    <subfield code="o">S RAY</subfield>
    <subfield code="p">B-529255</subfield>
    <subfield code="r">2025-09-10 00:00:00</subfield>
    <subfield code="s">2025-08-22</subfield>
    <subfield code="t">1</subfield>
    <subfield code="v">599.00</subfield>
    <subfield code="y">EN</subfield>
  </datafield>
</record>
